30 Second Flag Quiz - Statistics

General Stats
  • This quiz has been taken 18 times
  • The average score is 8 of 10
Answer Stats
Picture Answer % Correct
Canada
94%
New Zealand
94%
Georgia
88%
Ireland
88%
morocco
88%
Cambodia
81%
Estonia
81%
North Korea
81%
Uruguay
81%
Ecuador
63%
No matching quizzes found
Score Distribution
Percent of People with Each Score
Percentile by Number Answered
Your Score History
You have not taken this quiz